| 000 | 00622nam a2200241Ia 4500 | ||
|---|---|---|---|
| 003 | OSt | ||
| 005 | 20220926041808.0 | ||
| 006 | a|||||r|||| 00| 0 | ||
| 007 | ta | ||
| 008 | 220923b |||||||| |||| 00| 0 eng d | ||
| 037 | _cGeneral Book | ||
| 040 |
_aRTL _cRTL _beng |
||
| 041 |
_2eng _aeng |
||
| 082 | _aX9(D6,8) .2.N55t | ||
| 110 | _aINDIA,(Govt. of-). | ||
| 245 | 0 | _aFinal report of the machine tool committee | |
| 260 | _c1956 | ||
| 300 |
_a30p. _ccm. |
||
| 650 |
_aMechanical _9239020 |
||
| 700 | _aINDIA,(Govt. of-). | ||
| 942 |
_hX9(D6,8) .2.N55t _cGB _2CC |
||
| 999 |
_c668102 _d668102 |
||